| 000 | 01403cam a2200385 i 4500 | ||
|---|---|---|---|
| 999 |
_c7641 _d7641 |
||
| 001 | 991058479353106706 | ||
| 003 | OSt | ||
| 005 | 20240910124450.0 | ||
| 008 | 210727e202106 spc||||fr ||||0|| 0 cat|c | ||
| 015 |
_aLL2021 _2bnc |
||
| 017 |
_aDL T 594-2021 _bBiblioteca de Catalunya |
||
| 020 |
_a9788484249139 _q( Paper) |
||
| 035 | _a(OCoLC)1286254904 | ||
| 040 |
_aES-TaURV _bcat _erda _cCDMR |
||
| 041 | 0 |
_acat _beng |
|
| 043 |
_ae-sp--- _be-spc-- _2catmarc |
||
| 080 |
_a070Guansé, Domènec.09 _22004 |
||
| 080 |
_a070 _x(460.23) _x"19" _22004 |
||
| 100 | 1 | _aIsarch, Antoni, | |
| 245 | 1 | 3 |
_aEl Batec de l'època : _bDomènec Guansé i el periodisme (1918-1936) / _cAntoni Isarch |
| 246 | 3 | 0 | _aDomènec Guansé i el periodisme (1918-1936) |
| 264 | 1 |
_aTarragona : _bPublicacions URV, _c2021 |
|
| 300 |
_a181 pàgines ; _c21 cm |
||
| 490 | 1 |
_aPatrimoni literari ; _v5 |
|
| 504 | _aBibliografia: pàgines 163-178 | ||
| 546 | _aText en català, resum en anglès | ||
| 600 | 1 | 7 |
_aGuansé, Domènec, _xCrítica i interpretació. _2lemac |
| 650 | 0 |
_aPeriodistes catalans _2lemac _93139 _vBiografia |
|
| 650 | 7 |
_aPeriodisme _zCatalunya _xHistòria _yS. XX. _2lemac |
|
| 830 | 0 |
_aUniversitat Rovira i Virgili (Col·lecció). _pPatrimoni literari ; _v5 |
|
| 856 |
_uhttps://llibres.urv.cat/index.php/purv/catalog/book/471 _yAccés en línia |
||
| 908 |
_aURV _aUAB _aBC |
||
| 940 | _aURV | ||
| 942 |
_2udc _cMON |
||